000 01163cam a22003494a 4500
001 39510
005 20230411085955.0
008 070308s2005 vm ab 000 0 eng
035 _a14761596
925 0 _aacquire
_b1 shelf copy
_xpolicy default
942 _2lcc
_cbk
010 _a 2007306167
040 _aCUY
_cCUY
_dOCLCQ
_dDLC
035 _a(OCoLC)62590498
041 1 _aeng
_hvie
042 _alcode
_alccopycat
043 _aa-vt---
097 0 0 _a438 DS 557.7
_bT562o 2005
100 1 _aTién Dũng, Van.
245 1 0 _aOur great spring victory :
_ban account of the liberation of South Vietnam /
_cby Van Tién Dũng ; translated by John Spragens, Jr.
250 _a2a ed.
260 _aHanoi :
_bThé Giới Publishers,
_c2005.
300 _axi, 299 p. :
_bill., maps ;
_c21 cm.
490 0 _aMemoirs of war
500 _aTranslated of : Đại tháng mùa xuan.
_lEnglish
650 0 _aVietnam War, 1961-1975
_xCampaigns.
650 0 _aVietnam War, 1961-1975
_vPersonal narratives, North Vietnamese.
600 1 0 _aVan, Tién Dũng.
700 1 _aSpragens, John.
710 2 _aThe Giới Publishers (Hanoi, Vietnam)
985 _eODE-jk
999 _c110291
_d110291